Defra guidance on open access (Record no. 117889)

MARC details
000 -LEADER
fixed length control field 01008cam a2200205 4500
001 - CONTROL NUMBER
control field WB@3612-764
008 - FIXED-LENGTH DATA ELEMENTS--GENERAL INFORMATION
fixed length control field 040825n2004 000 0 eng u
035 ## - SYSTEM CONTROL NUMBER
System control number (Sirsi) u127150
245 ## - TITLE STATEMENT
Title Defra guidance on open access
260 ## - PUBLICATION, DISTRIBUTION, ETC.
Date of publication, distribution, etc. 2004
490 ## - SERIES STATEMENT
Series statement DEFRA News Release
Volume/sequential designation (332/04) 24 August 2004 (2)
520 ## - SUMMARY, ETC.
Summary, etc. The Countryside and Rights of Way Act 2000 and new rights of access come into effect in the first two areas of England late in September. DEFRA has provided the next stage of guidance for those with an interest in the way access will be managed. It covers appeals where an application to restrict access is refused. Full details of the guidance and related issues can be found at: http://www.defra.gov.uk/wildlife-countryside/cl/pu blicrow.htm. http://www.defra.gov.uk/news/2004/index.htm#august
590 ## - LOCAL NOTE (RLIN)
Local note WB
590 ## - LOCAL NOTE (RLIN)
Local note WB
650 ## - SUBJECT ADDED ENTRY--TOPICAL TERM
Topical term or geographic name entry element RIGHTS OF WAY
650 ## - SUBJECT ADDED ENTRY--TOPICAL TERM
Topical term or geographic name entry element PUBLIC ACCESS
650 ## - SUBJECT ADDED ENTRY--TOPICAL TERM
Topical term or geographic name entry element COUNTRYSIDE AND RIGHTS OF WAY ACT 2000
690 ## - LOCAL SUBJECT ADDED ENTRY--TOPICAL TERM (OCLC, RLIN)
Topical term or geographic name as entry element RURAL
9 (RLIN) 6268
942 ## - ADDED ENTRY ELEMENTS (KOHA)
Suppress in OPAC 0
Holdings
Withdrawn status Lost status Source of classification or shelving scheme Damaged status Not for loan Home library Current library Shelving location Date acquired Total Checkouts Full call number Barcode Date last seen Copy number Price effective from Koha item type
    Dewey Decimal Classification     London London News article 25/08/2004   WB4033-11 127150-1001 06/08/2019 1 06/08/2019 News article